| 000 | 00357nam a2200145Ia 4500 | ||
|---|---|---|---|
| 005 | 20251222153651.0 | ||
| 008 | 251222s9999||||xx |||||||||||||| ||spa|| | ||
| 020 | _a9786124690600 | ||
| 082 | _a618.920.1/C12 | ||
| 100 | _aCabrera Candela, Walter German | ||
| 245 | 0 | _aYo, Neonato | |
| 250 | _a1ra.ed. | ||
| 264 | _bAbbott Laboratorios S.A. | ||
| 942 | _cLIB | ||
| 999 |
_c33112 _d33112 |
||